Sports Quiz

Random Sports or NBA Quiz

Millionaire: NBA Finals Edition Quiz Stats

 Plays Quiz not verified by Sporcle

Challenge
Share
Tweet
Embed
Score 0/15 Timer 05:00
0 Plays Today
Question Answer Wrong Answers
$500
Which player has won NBA Finals MVP a record 6 times?
???
100%
???
0%
???
0%
???
0%
$1,000
How many NBA championships did Bill Russell win?
???
93.1%
???
2.6%
???
3.1%
???
1.2%
$2,000
Other than Michael Jordan, who is the only player to win the NBA Finals MVP award in 3 consecutive seasons?
???
76.4%
???
10.9%
???
5.3%
???
0.5%
$3,000
Which team has won the most NBA championships?
???
71.5%
???
3.8%
???
0.8%
???
0.3%
$5,000
Which team has the most NBA Finals APPEARANCES?
???
65.1%
???
5.8%
???
0.3%
???
0.3%
$7,000
Which player holds the record for highest scoring average in a single NBA Finals series?
???
49.3%
???
10.3%
???
2.8%
???
2.7%
$10,000
Who is the only player to win NBA Finals MVP despite losing the series?
???
40.4%
???
3.2%
???
2.7%
???
2.9%
$20,000
Who is the only player to lead BOTH TEAMS in the 5 major categories (points, rebounds, assists, blocks and steals) in a single NBA Finals series?
???
36.7%
???
1.6%
???
0.7%
???
1.3%
$30,000
Who holds the record for most points in an NBA Finals game (61 points)?
???
25%
???
7.2%
???
2.7%
???
1.9%
$40,000
Who was the first player to score 50+ points in a single NBA Finals game?
???
17.2%
???
1.9%
???
1.5%
???
4.3%
$50,000
Robert Horry won NBA championships as a player with 3 different teams. Who is the only other player to accomplish this feat?
???
12.8%
???
1.3%
???
1.5%
???
1.6%
$100,000
What player holds the record for most NBA Finals appearances without winning a single NBA championship?
???
10%
???
0.9%
???
0.8%
???
1.1%
$250,000
What player holds the record for the highest career scoring average in the NBA Finals?
???
4.9%
???
2.7%
???
1.2%
???
1.2%
$500,000
Who holds the record for highest career field goal percentage in the NBA Finals?
???
2.9%
???
0.7%
???
0.6%
???
0.6%
$1,000,000
Which player holds the record for most minutes played in a single NBA Finals game without committing a turnover?
???
1%
???
0.7%
???
0.5%
???
0.6%

You're not logged in!

Compare scores with friends on all Sporcle quizzes.
Join for Free
OR
Log In

You Might Also Like...

Show Comments

Extras

Curator's Pick May 5, 2017ReportFavoriteNominate
Tags:NBA Quiz, NBA Finals

Top Quizzes Today


Score Distribution

Your Account Isn't Verified!

In order to create a playlist on Sporcle, you need to verify the email address you used during registration. Go to your Sporcle Settings to finish the process.

Report this User

Report this user for behavior that violates our Community Guidelines.

Details: